Estadísticas para Historia por Letra - W

Haz click aquí para tomar la prueba!

Estadísticas generales

  • Esta prueba ha sido tomada 1.429 veces
  • La puntuación promedio es 7 de 17

Estadísticas de respuestas

PistaRespuesta% Correcto
Lugar donde los monarcas ingleses son coronados, casados y enterradosAbadía de {Westminster}
68%
Ciudad que fue quemada por las tropas británicas en 1814Washington D.C.
63%
El escándalo político de Richard NixonWatergate
61%
Reino que gobernó en China durante el período de los
Tres Reinos, de 220 a 265, y que dio su nombre a una dinastía
Wei
60%
Los inventores del aviónHermanos {Wright}
57%
Nombre de la familia real británica, desde 1917Casa de {Windsor}
54%
Alemania, 1919-1933República de {Weimar}
54%
El presidente de los Estados Unidos durante la Primera Guerra MundialWoodrow Wilson
52%
El patriota escocés que fue sacado y descuartizado en 1305William Wallace
48%
El compositor alemán de "El Anillo"Richard Wagner
46%
El escritor irlandés que fue perseguido por ser gayOscar Wilde
41%
El comandante británico en WaterlooDuque de Wellington
39%
Antiguo partido político liberal de los Estados Unidos y Gran BretañaWhig
24%
Movimiento político-religioso suní que aparece en el siglo XVIII y que está vinculado
a la creación de los primeros estados saudíes
Wahabismo
16%
El barrio de Los Ángeles que fue golpeado por disturbios raciales en 1965Watts
13%
Entierra mi corazón en este lugar donde los nativos americanos fueron masacradosWounded Knee
12%
Lord Canciller del Rey Enrique VIII de InglaterraCardinal {Wolsey}
11%

Distribución de puntuación

Porcentaje por número respondido

Porcentaje de gente con cada puntuación

Historial de tus puntuaciones

No has tomado esta prueba